000 005060000a22001930004500
003 LK-CoMWRAF
005 20230924144018.0
008 230817t ||||| |||| 00| 0 eng d
040 _aLK-CoMWRAF
_dLK-CoMWRAF
_eLK-CoMWRAF
041 _aeng
082 _a297
_bGAL
100 _aGalwash, Ahmad A.
245 _aThe Religion of Islam
260 _aCairo :
_bSup.Counc for Islamic affairs,
_c1966
300 _a383p
490 _aStudies in Islam series no.12
_vVolume 1
650 _aIslam
942 _cBK
999 _c2803
_d2803